[Event "St Petersburg June op"]
[Site "St Petersburg"]
[Date "2008.06.24"]
[Round "4"]
[White "Ermolov, Vasily"]
[Black "Kiseleva, Arina"]
[Result "1-0"]
[WhiteElo "2035"]
[BlackElo "1840"]
[PlyCount "137"]
[EventDate "2008.06.21"]
[EventType "swiss"]
[EventRounds "9"]
[EventCountry "RUS"]
[SourceTitle "CBM 125 Extra"]
[Source "ChessBase"]
[SourceDate "2008.09.01"]
[SourceVersion "1"]
[SourceVersionDate "2008.09.01"]
[SourceQuality "1"]

1. e4 c6 2. d4 d5 3. Nc3 dxe4 4. Nxe4 Bf5 5. Ng3 Bg6 6. Nf3 Nd7 7. h4 h6 8. h5 Bh7 9. Bd3 Bxd3 10. Qxd3 Ngf6 11. Bd2 e6 12. 0-0-0 Qc7 13. Kb1 0-0-0 14. Ne2 Bd6 15. c4 c5 16. Be3 cxd4 17. Nfxd4 a6 18. Nxe6 Ne5 19. Nxc7 Nxd3 20. Nd5 Nxd5 21. cxd5 Ne5 22. Ng3 Ng4 23. Nf5 Nxe3 24. Nxe3 Be5 25. Rh4 Rhe8 26. Re4 Bd6 27. Rg4 Bf8 28. Rf4 f6 29. Kc2 Re5 30. g4 Kb8 31. Rc4 b5 32. Rc6 Rc8 33. Rxc8+ Kxc8 34. Kd3 Re7 35. Rc1+ Rc7 36. Rxc7+ Kxc7 37. Nf5 Kb6 38. Nd4 Bc5 39. f3 Bd6 40. Ne6 Be5 41. b3 f5 42. gxf5 a5 43. a4 Bf6 44. Ke4 bxa4 45. bxa4 Kb7 46. Kd3 Be5 47. Kc4 Kb6 48. Nc5 Bd6 49. Ne4 Be5 50. Nf2 Bf6 51. Ng4 Be7 52. f6 Bxf6 53. Nxf6 gxf6 54. Kd4 Kc7 55. Kc5 f5 56. f4 Kd7 57. d6 Kc8 58. Kd5 Kd7 59. Ke5 Ke8 60. Ke6 Kd8 61. d7 Kc7 62. Ke7 Kc6 63. d8Q Kc5 64. Qd3 Kc6 65. Qd6+ Kb7 66. Kd7 Ka8 67. Kc7 Ka7 68. Qb6+ Ka8 69. Qb7# 1-0

[Event "St Petersburg White Nights op"]
[Site "St Petersburg"]
[Date "2007.06.29"]
[Round "5"]
[White "Glazov, Anatoly"]
[Black "Ermolov, Vasily"]
[Result "1-0"]
[WhiteElo "1940"]
[BlackElo "2146"]
[PlyCount "69"]
[EventDate "2007.06.25"]
[EventType "swiss"]
[EventRounds "9"]
[EventCountry "RUS"]
[SourceTitle "CBM 119 Extra"]
[Source "ChessBase"]
[SourceDate "2007.09.04"]
[SourceVersion "1"]
[SourceVersionDate "2007.09.04"]
[SourceQuality "1"]

1. c4 Nf6 2. d4 e6 3. Nc3 Bb4 4. Bg5 h6 5. Bh4 c5 6. Nf3 Qa5 7. Bxf6 Bxc3+ 8. bxc3 Qxc3+ 9. Nd2 gxf6 10. e3 cxd4 11. Rc1 Qa5 12. exd4 Nc6 13. Qf3 f5 14. Qg3 Qd8 15. d5 Ne7 16. Be2 Ng6 17. 0-0 Qg5 18. Qc3 Rg8 19. g3 h5 20. Nf3 Qh6 21. h4 f4 22. Ng5 d6 23. c5 Bd7 24. cxd6 e5 25. Qc7 Nxh4 26. Nxf7 Qf6 27. Bxh5 Nf3+ 28. Kh1 Qf5 29. Ng5+ Rg6 30. Bxg6+ Qxg6 31. Nxf3 Qe4 32. Kg2 Qxd5 33. Rfe1 Rc8 34. Qxc8+ Bxc8 35. Rxe5+ 1-0